Sports Quiz

Random Sports Quiz

The Top 100 Smackdown Moments Quiz Stats

 Plays Quiz not verified by Sporcle

Challenge
Share
Tweet
Embed
Score 0/100 Timer 20:00
0 Plays Today
Rank Moment % Correct
78Time to play the Game
96.8%
58Sincerest form of flattery
96.3%
51Stinkdown
95.1%
3The Rock v.s. Triple H 8-26-99
95.1%
40Kurt Angle v.s. The Undertaker 7-4-02
94.9%
12Champion Chairman
94.9%
23The Ultimate Oppurtunist
94.2%
70Batista, Rey Mysterio, Finlay, and Jeff Hardy v.s. MVP, JBL, Brian Kendrick, and Kane 10-3-08
94%
37The Big Show returns
93.6%
30John Cena v.s. Kurt Angle 6-27-02
93.6%
90Signs of Friendship
93.4%
32Undertaker's Revenge
93.3%
17Kurt Kisses Stephanie
93.3%
98Here comes the chokeslam
92.5%
35Rock N Sock Connection v.s. New Age Outlaws 10-14-99
92.5%
54Edge & Vickie
92.3%
15TLC III
92.3%
2The Bigger they are
92.3%
94Show Hunters)
92.1%
77Rock N Sock Connection
92.1%
62The Rock v.s. The Dudley Boyz 3-9-00
92.1%
53Austin Stalks DX
92.1%
8Edge v.s. Eddie Guerrero 9-26-02
91.9%
36Sexy Kurt
91.8%
22Angle v.s. Lesnar 9-18-03
91.8%
60Parking Lot Brawl 9-11-03
91.6%
42Air Mysterio
91.2%
18Hulk Hogan and Edge v.s. Billy and Chuck 7-4-02
91%
87No Way Out
90.8%
84Sewage Bath
90.6%
24Right Place, Wrong Time
90.6%
49The Rock & Busta
90.4%
19The People's Elbow
90.4%
7The Rock Says
90.4%
Rank Moment % Correct
93Rey Mysterio v.s. Eddie Guerrero 9-9-05
90.3%
74Gold Medal Auction
89.5%
5Austin and Angle Unplugged
89.5%
88Hardcore Injury
89.3%
29Icon Destruction
89.3%
68Rough Landing
89.1%
59Rey Mysterio v.s. Matt Hardy 6-5-03
88.8%
65Angle wins Gold
88.6%
64New Tag Champs
88.4%
43Eddie Guerrero v.s. JBL 7-15-04
88.4%
75Gold Medal Thief
88.2%
91Out of Tune
87.8%
27Bald is beautiful
87.3%
85John Cena v.s. Carlito (US Championship) 10-7-04
87.1%
61Lethal dose of Poison
86.9%
46Tribute to Eddie
86.9%
25Zach Gowen and Stephanie McMahon v.s. Big Show 7-3-03
86.7%
13Jeff Hardy v.s. Triple H
86.5%
100The Spinner
86.1%
57Superhuman Strength
86.1%
11Thuganomics
86.1%
6Funeral Crasher
85.8%
31Divorce Cout
85.6%
67Stephanie's the Champ
85.4%
99Unlikely Merger
84.8%
39Motherslapper
84.6%
28Get in my belly
83.5%
56You're Hired
83.3%
50Team Angle v.s. Eddie Guerrero and Tajiri 5-29-03
83.3%
72Life Sucks.....
83.1%
33Rey Mysterio flies
82.4%
38A Celebration to remember
81.8%
76Hulk Hogan v.s. Chris Jericho 5-2-02
80.9%
48Fate Fulfilled
80.5%
Rank Moment % Correct
95Mattitude
79.6%
79Gore Gore Gore
78.1%
89Chris Jericho v.s Chyna 10-30-99
77%
20Batista forfeits the title
76.6%
92Mr America
75.7%
82Hulkster returns
75.3%
66Randy Orton v.s. Hardcore Holly 4-25-02
74.2%
81Triple H v.s Taz 4-20-00
68.4%
26Border Patrol
68.2%
16JBL v.s. Dolzilla
68.2%
96Randy Orton v.s. The Undertaker 9-16-05
68%
9Supermarket Brawl
62.7%
45Where is Foley?
55.6%
47Billy & Chuck Wedding
51.9%
86Return of Piper's Pit
50.9%
80Bar Room Brawl
50.9%
34The Houdini of Hardcore
48.5%
21DX-Plosion
36.1%
1September 11 Tribute Show
34.8%
69Mr Kennedy
31.8%
63Heidenreich Poetry
31.1%
73Funeral Fight
29.6%
71Al Snow & Steve Blackman
20.6%
44A Classic Hit
18.2%
52Debra's Cookies
14.4%
83Boogeyman
13.9%
41Noble & Nidia
12.7%
14Blockbuster Champ
10.5%
4The Pilot
9.2%
97A Smackdown Tradition
5.2%
10Tribute to the Troops
4.9%
55Rob Van Dam v.s. Stone Cold 9-4-01
0.7%

You're not logged in!

Compare scores with friends on all Sporcle quizzes.
Join for Free
OR
Log In

You Might Also Like...

Show Comments

Extras

Top Quizzes Today


Score Distribution

Your Account Isn't Verified!

In order to create a playlist on Sporcle, you need to verify the email address you used during registration. Go to your Sporcle Settings to finish the process.

Report this User

Report this user for behavior that violates our Community Guidelines.

Details: